Statistics for All Hippo Campus Songs

Click here to take the quiz!

General Stats

  • This quiz has been taken 24 times
  • The average score is 60 of 87

Answer Stats

YearAlbumSong% Correct
2017warm glowbaseball
94%
2022LP3Ashtray
88%
2021Good Dog Bad DreamBad Dream Baby
88%
2018BambiBambi
88%
2018Spotify SinglesBambi
88%
2018Demos IBambi (demo)
88%
2022LP3Bang Bang
88%
2017LandmarkButtercup
88%
2022LP3Listerine
88%
2013Tarzan RejectSouth
88%
2015SouthSouth
88%
2017LandmarkVines
88%
2017LandmarkWay It Goes
88%
2022LP32 Young 2 Die
81%
2017LandmarkBoyish
81%
2022LP3Boys
81%
2018BambiBubbles
81%
2017LandmarkEpitaph
81%
2017LandmarkPoems
81%
2022LP3Ride or Die
81%
2014Bashful CreaturesSuicide Saturday
81%
2017warm glowtraveler
81%
2017LandmarkTuesday
81%
2017LandmarkVacation
81%
2017warm glowwarm glow
81%
2018BambiWhy Even Try
81%
2018Demos IWhy Even Try (demo)
81%
2023WastelandYippie Ki Yay
81%
2018BambiAnxious
75%
2018Demos IAnxious (demo)
75%
2022LP3Blew Its
75%
2018BambiDoubt
75%
2018Demos IDoubt (demo)
75%
2018BambiGolden
75%
2018Demos IGolden (demo)
75%
2018BambiHonestly
75%
2017LandmarkInterlude
75%
2023WastelandKick in the Teeth
75%
2019Demos IINo Poms
75%
2018BambiPassenger
75%
2018Demos IPassenger (demo)
75%
2017LandmarkSimple Season
75%
2017LandmarkSun Veins
75%
2022LP3Understand
75%
2017LandmarkWestern Kids
75%
2019Demos IICellar Door
69%
2018BambiMistakes
69%
2018Demos IMistakes (demo)
69%
2021Good Dog Bad DreamMojo Jojo
69%
2017LandmarkMonsoon
69%
2023WastelandMoonshine
69%
2022LP3Scorpio
69%
2022LP3Semi Pro
69%
2021Good Dog Bad DreamSex Tape
69%
2015SouthThe Halocline
69%
2014Bashful CreaturesBashful Creatures
63%
2019Demos IIChapstick
63%
2021Good Dog Bad DreamDeepfake
63%
2015SouthDollar Bill
63%
2019Demos IIEase up Kid
63%
2019Demos IIJoy
63%
2019Demos IIKentucky
63%
2023WastelandProbably
63%
2014Bashful CreaturesSouls
63%
2015SouthViolet
63%
2021Good Dog Bad DreamWhere to Now
63%
2019Demos IIChampion
56%
2019Demos IIElephant Boys
56%
2023WastelandHoneysuckle
56%
2014Bashful CreaturesOpportunistic
56%
2019Demos IIPin
56%
2014Bashful CreaturesSophie So
56%
2013Tarzan RejectSula
56%
2018BambiThink It Over
56%
2018Demos IThink It Over (demo)
56%
2015SouthClose to Gold
50%
2013Tarzan RejectLittle Grace
50%
2014Bashful CreaturesLittle Grace
50%
2013UnreleasedFisheye
44%
2016SinglesLast Snowstorm of the Year
44%
2013Tarzan RejectSt. Paul Roofs
44%
2018Spotify SinglesBaby
38%
2013Tarzan RejectI (Oh I)
38%
2013UnreleasedNicholas
31%
2013UnreleasedTide Wings
25%
2013UnreleasedConviction
19%
UnreleasedGive Me a Break
13%

Score Distribution

Percentile by Number Answered

Percent of People with Each Score

Your Score History

You have not taken this quiz